guess the Taylor Swift song with no hints - Statistics

General Stats
  • This quiz has been taken 393 times
    354 since last reset
  • The average score is 215 of 297
Answer Stats
Answer % Correct
I
100%
a
98%
you
98%
You
98%
the
94%
an
93%
me
93%
we
93%
it
91%
your
91%
And
90%
and
90%
in
90%
love
90%
my
90%
to
89%
were
86%
Like
85%
who
85%
I'm
82%
that
82%
was
82%
know
81%
no
81%
of
81%
So
78%
but
77%
But
77%
it's
77%
can
76%
how
76%
with
76%
Oh
75%
time
75%
If
74%
our
74%
could
73%
had
73%
First
72%
first
72%
there
72%
as
68%
I'd
68%
one
68%
say
67%
hands
66%
Hands
66%
loved
66%
yeah
66%
Yeah
66%
us
65%
would
65%
'cause
64%
dancing
64%
Dancing
64%
said
64%
tied
64%
been
63%
bad
62%
out
60%
secret
59%
world
59%
feeling
58%
got
58%
knew
57%
nothing
57%
baby
56%
could've
56%
without
56%
reason
55%
down
53%
forever
53%
pockets
53%
blue
52%
wanted
52%
face
51%
into
51%
stop
51%
years
51%
Deep
50%
golden
50%
invisible
50%
kiss
50%
painted
50%
25
49%
frozen
49%
locket
49%
old
49%
Picture
49%
close
48%
dance
48%
held
48%
mess
47%
went
47%
through
46%
again
44%
bed
44%
lights
44%
oasis
44%
take
44%
divide
43%
room
43%
sight
43%
spite
42%
hold
41%
spent
41%
turned
41%
avalanche
40%
darling
40%
fears
40%
gravity
40%
keeping
40%
People
39%
putting
39%
sacred
39%
started
38%
water
38%
talking
37%
burned
36%
paces
36%
rushes
36%
Swaying
30%
CHORUS
9%
No matching quizzes found
Score Distribution
Percent of People with Each Score
Percentile by Number Answered
Your Score History
You have not taken this quiz since the last reset